000 00760nam a22002651 4500
001 30093
003 BD-RjUL
005 20211209051518.0
008 140409r19501922enk 001 0 eng
035 _a(BD-RjUL)30178
035 _a(OCoLC)5803711
040 _aDLC
_cCMJ
_dOCoLC
_dDLC
_dBD-RjUL
_beng
041 _aeng
082 0 4 _a160
_bBRP 1950
100 1 _aBradley, F. H.
_q(Francis Herbert),
_d1846-1924.
_93414
245 1 4 _aThe principles of logic /
_cby F.H. Bradley.
_bVOL. II
250 _a2d ed., rev.
260 _aLondon :
_bOxford University Press,
_c1922 [Reprinted 1950]
300 _a389-739 p. ;
_c23 cm.
504 _aIncludes index.
650 0 _aLogic.
_991507
942 _2ddc
_cBK
999 _c30093
_d30093